La botica en casa (Record no. 179675)

MARC details
000 -LEADER
campo de control de longitud fija 00601nam a22001691 4500
001 - NÚMERO DE CONTROL
campo de control 179675
003 - IDENTIFICADOR DE NÚMERO DE CONTROL
campo de control ES-MaACL
005 - FECHA Y HORA DE LA ÚLTIMA TRANSACCIÓN
campo de control 20230906220845.0
008 - DATOS DE LONGITUD FIJA--INFORMACIÓN GENERAL
campo de control de longitud fija 120110s1904 sp |||| | spa d
100 1# - ENTRADA PRINCIPAL--NOMBRE DE PERSONA
Nombre de persona Blanco-Belmonte, Marcos Rafael.
9 (RLIN) 29226
245 13 - MENCIÓN DEL TÍTULO
Título La botica en casa
Resto del título : consejos higiénicos /
Mención de responsabilidad, etc. por M[arcos] R[afael] Blanco-Belmonte.
260 ## - PUBLICACIÓN, DISTRIBUCIÓN, ETC.
Lugar de publicación, distribución, etc. Madrid :
Nombre del editor, distribuidor, etc. Bailly-Bailliere é Hijos,
Fecha de publicación, distribución, etc. 1904.
300 ## - DESCRIPCIÓN FÍSICA
Extensión 160 pág. :
Otras características físicas il. ;
Dimensiones 18 cm.
500 ## - NOTA GENERAL
Nota general Precede al tit.: Manual de la familia.
650 04 - PUNTO DE ACCESO ADICIONAL DE MATERIA--TÉRMINO DE MATERIA
Término de materia o nombre geográfico como elemento de entrada Primeros auxilios.
9 (RLIN) 16404
852 ## - LOCALIZACIÓN
Ubicación ES-MaACL
Número de control de estantería D-1317
Nota libre .- Legado M. de la Fuente
Holdings
Estatus retirado Estado de pérdida Estado de daño No para préstamo Biblioteca de origen Biblioteca actual Ubicación en estantería Fecha de adquisición Fuente de adquisición Total de préstamos Signatura topográfica completa Código de barras Visto por última vez Precio de reemplazo Tipo de ítem Koha
        Biblioteca del Ateneo de Madrid Biblioteca del Ateneo de Madrid Sala Valle Inclán 10/01/2012     D-1317 901188756 23/02/2023 23/02/2023 Libro impreso